Memorabilia mathematica. The philomath's quotation book: 1140 anecdotes, aphorisms and passages by famous mathematicians, scientists & writers

保存先:
書誌詳細
第一著者: Moritz, Robert Edouard (著者)
フォーマット: 図書
言語:英語
出版事項: Washington, D.C The Mathematical Association of America 1993
シリーズ:Spectrum Series
主題:
タグ: タグ追加
タグなし, このレコードへの初めてのタグを付けませんか!

MARC

LEADER 00000nam a2200000 a 4500
001 UCZ6359
003 CL-VaPUC
008 951211e19930000US |||||||||||||||||eng|d
082 0 4 |a 510  |b MOR  |2 21 
100 0 |a Moritz, Robert Edouard  |e author  |9 350620 
245 1 0 |a Memorabilia mathematica. The philomath's quotation book: 1140 anecdotes, aphorisms and passages by famous mathematicians, scientists & writers 
300 |a 410 p 
942 |c BK 
945 |d 19951211 00:00:00  |a rleighto 
260 |a Washington, D.C  |b The Mathematical Association of America  |c 1993 
650 0 |a Matemática  |9 260235 
650 7 |a CITAS  |2 CL-VaPUC  |9 309806 
650 7 |a MATEMATICOS  |2 CL-VaPUC  |9 266065 
650 0 |a Científicos   |9 262025 
650 0 |a Escritores  |9 313723 
583 |a last modification  |c 19951211 00:00:00  |k Rodrigo Vera 
490 0 |a Spectrum Series 
999 |c 242567  |d 242565 
952 |0 0  |1 0  |4 0  |6 510_000000000000000_MOR_1993  |7 0  |8 A  |9 255606  |a BIBMAT  |b BIBMAT  |d 2019-11-19  |i 3158683  |o 510 MOR 1993  |p 3158683  |r 2025-01-07  |w 2019-11-19  |y BK  |k MAT